Les capitales les plus hautes d'Europe - Statistiques

Statistiques générales
  • Ce quiz a été pris 53 fois
  • Le résultat moyen est 10 sur 15
Statistiques - réponses
Altitude Capitale % Correct
170m Vienne
90%
542m Berne
86%
667m Madrid
84%
244m Prague
76%
1023m Andorre-la-Vieille
73%
591m Sofia
67%
455m Vaduz
67%
168m Kiev
59%
281m Ljubljana
57%
273m Luxembourg
55%
243m Skopje
53%
198m Minsk
51%
518m Sarajevo
51%
652m Pristina
41%
328m Saint-Marin
41%
Aucun quiz correspondant
Distribution des résultats
% des personnes avec chaque résultat
Percentile par nombre de réponses
Votre historique - résultats
Vous n’avez pas pris ce quiz